000 00886nam a22002297a 4500
003 NALT
005 20210806152543.0
008 s2544 th tha d
040 _aNALT
041 _atha
090 _aว DS570.L29 ส919ล 2544
100 0 _aเสมอชัย พูลสุวรรณ
245 1 0 _aลาวโซ่งกับคริสต์ศาสนา /
_cเสมอชัย พูลสุวรรณ
260 3 _aกรุงเทพฯ :
_bมหาวิทยาลัยธรรมศาสตร์,
_c2544
300 _a116 หน้า :
_b ภาพประกอบ ;
_c 29 ซม.
650 0 4 _aคริสตศาสนา -- ไทย
650 0 4 _aชนกลุ่มน้อย -- วิจัย
650 0 4 _aลาวโซ่ง -- ไทย
850 _aNALT
942 _cRSH
_2lcc
998 _bSUKUNYA
_j109
_k อารีรัตน์ วิชาช่าง
999 _c30504
_d30504